Statistics for College Football National Champions

Click here to take the quiz!

General Stats

  • This quiz has been taken 43 times
  • The average score is 294 of 374

Answer Stats

YearRec.Team% Correct
194510–0Alabama
97%
201112–1Alabama
97%
197711–1Alabama
97%
197511–1Alabama
97%
197311–1Alabama
97%
19419–2Alabama
97%
196611–0Alabama
97%
19659–1–1Alabama
97%
200914–0Alabama
97%
193410–0Alabama
97%
196410–1Alabama
97%
199213–0Alabama
97%
197811–1Alabama
97%
201213–1Alabama
97%
196111–0Alabama
97%
201514–1Alabama
97%
19269–0–1Alabama
97%
201614–1Alabama
97%
197912–0Alabama
97%
201713–1Alabama
97%
192510–0Alabama
97%
193010–0Alabama
97%
201915–0LSU
97%
190810–0LSU
97%
19629–1–1LSU
97%
195811–0LSU
97%
19359–2LSU
97%
19369–1–1LSU
97%
200313–1LSU
97%
200712–2LSU
97%
201113–1LSU
97%
19579–1Ohio State
97%
19337–1Ohio State
97%
196810–0Ohio State
97%
19449–0Ohio State
97%
19698–1Ohio State
97%
19457–2Ohio State
97%
19709–1Ohio State
97%
195410–0Ohio State
97%
200612–1Ohio State
97%
197310–0–1Ohio State
97%
197410–2Ohio State
97%
200214–0Ohio State
97%
197511–1Ohio State
97%
199811–1Ohio State
97%
19618–0–1Ohio State
97%
201414–1Ohio State
97%
19429–1Ohio State
97%
196311–0Texas
97%
198110–1–1Texas
97%
19418–1–1Texas
97%
19689–1–1Texas
97%
196911–0Texas
97%
197010–1Texas
97%
19148–0Texas
97%
197711–1Texas
97%
200513–0Texas
97%
19185–0Michigan
94%
194710–0Michigan
94%
19489–0Michigan
94%
19328–0Michigan
94%
19267–1Michigan
94%
19337–0–1Michigan
94%
19257–1Michigan
94%
19238–0Michigan
94%
197310–0–1Michigan
94%
190410–0Michigan
94%
190311–0–1Michigan
94%
198510–1–1Michigan
94%
19649–1Michigan
94%
190211–0Michigan
94%
190111–0Michigan
94%
199712–0Michigan
94%
201014–0Auburn
91%
195710–0Auburn
91%
199311–0Auburn
91%
198311–1Auburn
91%
19138–0Auburn
91%
198112–0Clemson
91%
201614–1Clemson
91%
201815–0Clemson
91%
18754–0Harvard
91%
18741–1Harvard
91%
19199–0–1Harvard
91%
19089–0–1Harvard
91%
189011–0Harvard
91%
189811–0Harvard
91%
19139–0Harvard
91%
19208–0–1Harvard
91%
19129–0Harvard
91%
190112–0Harvard
91%
19108–0–1Harvard
91%
189910–0–1Harvard
91%
198012–0Georgia
89%
19688–1–2Georgia
89%
19279–1Georgia
89%
194211–1Georgia
89%
194611–0Georgia
89%
19208–0–1Georgia
89%
198511–1Oklahoma
89%
200013–0Oklahoma
89%
198611–1Oklahoma
89%
197511–1Oklahoma
89%
196710–1Oklahoma
89%
200312–2Oklahoma
89%
197310–0–1Oklahoma
89%
194911–0Oklahoma
89%
195010–1Oklahoma
89%
197411–0Oklahoma
89%
198010–2Oklahoma
89%
197811–1Oklahoma
89%
195710–1Oklahoma
89%
191510–0Oklahoma
89%
19539–1–1Oklahoma
89%
195610–0Oklahoma
89%
195511–0Oklahoma
89%
18839–0Yale
89%
18828–0Yale
89%
189310–1Yale
89%
190211–0–1Yale
89%
190910–0Yale
89%
189513–0–2Yale
89%
190510–0Yale
89%
18848–0–1Yale
89%
189213–0Yale
89%
189113–0Yale
89%
188813–0Yale
89%
18869–0–1Yale
89%
19069–0–1Yale
89%
19079–0–1Yale
89%
190012–0Yale
89%
18879–0Yale
89%
19277–1Yale
89%
18763–0Yale
89%
18979–0–2Yale
89%
189416–0Yale
89%
19238–0Yale
89%
18804–0–1Yale
89%
18793–0–2Yale
89%
18773–0–1Yale
89%
18815–0–1Yale
89%
18721–0Yale
89%
18743–0Yale
89%
200813–1Florida
83%
19859–1–1Florida
83%
200613–1Florida
83%
19849–1–1Florida
83%
199612–1Florida
83%
198611–1Miami
83%
200112–0Miami
83%
200011–1Miami
83%
198712–0Miami
83%
198811–1Miami
83%
198911–1Miami
83%
198311–1Miami
83%
199010–2Miami
83%
199112–0Miami
83%
199413–0Nebraska
83%
197011–0–1Nebraska
83%
197113–0Nebraska
83%
198312–1Nebraska
83%
199713–0Nebraska
83%
198212–1Nebraska
83%
199512–0Nebraska
83%
198410–2Nebraska
83%
19819–3Nebraska
83%
198010–2Nebraska
83%
199311–1Nebraska
83%
190811–0–1Penn
83%
19249–1–1Penn
83%
189514–0Penn
83%
190412–0Penn
83%
189715–0Penn
83%
189412–0Penn
83%
193310–1–1USC
83%
19289–0–1USC
83%
197911–0–1USC
83%
192910–2USC
83%
196710–1USC
83%
193110–1USC
83%
200711–2USC
83%
193210–0USC
83%
2004**11–0**USC
83%
19398–0–2USC
83%
200211–2USC
83%
197611–1USC
83%
200312–1USC
83%
197410–1–1USC
83%
197812–1USC
83%
196211–0USC
83%
197212–0USC
83%
196010–1Washington
83%
198411–1Washington
83%
199112–0Washington
83%
199010–2Washington
83%
19169–0Army
80%
19449–0Army
80%
19469–0–1Army
80%
19459–0Army
80%
19149–0Army
80%
199611–1Florida State
80%
198010–2Florida State
80%
201314–0Florida State
80%
199312–1Florida State
80%
199410–1–1Florida State
80%
199912–0Florida State
80%
198711–1Florida State
80%
199211–1Florida State
80%
197711–1Notre Dame
80%
19649–1Notre Dame
80%
19669–0–1Notre Dame
80%
19678–2Notre Dame
80%
197311–0Notre Dame
80%
197010–1Notre Dame
80%
19388–1Notre Dame
80%
198812–0Notre Dame
80%
19439–1Notre Dame
80%
199311–1Notre Dame
80%
19468–0–1Notre Dame
80%
193010–0Notre Dame
80%
19479–0Notre Dame
80%
194910–0Notre Dame
80%
198912–1Notre Dame
80%
19299–0Notre Dame
80%
19277–1–1Notre Dame
80%
19199–0Notre Dame
80%
192410–0Notre Dame
80%
201212–1Notre Dame
80%
19209–0Notre Dame
80%
19539–0–1Notre Dame
80%
196510–1Michigan State
77%
19669–0–1Michigan State
77%
19559–1Michigan State
77%
19578–1Michigan State
77%
19529–0Michigan State
77%
19519–0Michigan State
77%
199011–1–1Colorado
74%
19269–0–1Navy
74%
19128–0Penn State
74%
196911–0Penn State
74%
19118–0–1Penn State
74%
198211–1Penn State
74%
199412–0Penn State
74%
198110–2Penn State
74%
198612–0Penn State
74%
18691–1Rutgers
74%
195110–1Tennessee
74%
199813–0Tennessee
74%
193811–0Tennessee
74%
19679–2Tennessee
74%
195011–1Tennessee
74%
194010–1Tennessee
74%
195610–1Tennessee
74%
191910–0Texas A&M
74%
193911–0Texas A&M
74%
19278–0–1Texas A&M
74%
197711–1Arkansas
71%
196411–0Arkansas
71%
19168–0-1Georgia Tech
71%
19179–0Georgia Tech
71%
195111–0–1Georgia Tech
71%
195212–0Georgia Tech
71%
195610–1Georgia Tech
71%
192810–0Georgia Tech
71%
199011–0–1Georgia Tech
71%
19519–0–1Illinois
71%
19147–0Illinois
71%
19196–1Illinois
71%
19238–0Illinois
71%
19277–0–1Illinois
71%
19348–0Minnesota
71%
190413–0Minnesota
71%
19367–1Minnesota
71%
19608–2Minnesota
71%
19408–0Minnesota
71%
19116–0–1Minnesota
71%
19358–0Minnesota
71%
19156–0–1Minnesota
71%
19418–0Minnesota
71%
196210–0Ole Miss
69%
196010–0–1Ole Miss
69%
195910–1Ole Miss
69%
18786–0Princeton
69%
19339–0Princeton
69%
19118–0–2Princeton
69%
18849–0–1Princeton
69%
18794–0–1Princeton
69%
18817–0–2Princeton
69%
19228–0Princeton
69%
18804–0–1Princeton
69%
19359–0Princeton
69%
18859–0Princeton
69%
18691–1Princeton
69%
18772–0–1Princeton
69%
189912–1Princeton
69%
190311–0Princeton
69%
18701–0Princeton
69%
189311–0Princeton
69%
18948–2Princeton
69%
18721–0Princeton
69%
19206–0–1Princeton
69%
18732–0Princeton
69%
18742–0Princeton
69%
19509–0Princeton
69%
188910–0Princeton
69%
19069–0–1Princeton
69%
189811–0–1Princeton
69%
18752–0Princeton
69%
18867–0–1Princeton
69%
189610–0–1Princeton
69%
201713–0UCF
69%
19549–0UCLA
69%
195310–1Maryland
66%
195110–0Maryland
66%
19459–0Oklahoma A&M
66%
198413–0BYU
63%
19219–0–1California
63%
19239–0–1California
63%
193710–0–1California
63%
19229–0California
63%
19209–0California
63%
201112–1Oklahoma State
60%
193811–0TCU
60%
193512–1TCU
60%
201013–0TCU
60%
200813–0Utah
60%
19428–1–1Wisconsin
60%
197011–0Arizona State
57%
197512–0Arizona State
57%
19217–0Iowa
57%
19608–1Iowa
57%
19227–0Iowa
57%
19569–1Iowa
57%
19588–1–1Iowa
57%
200712–2Missouri
57%
196011–0*Missouri
57%
193512–1SMU
57%
198211–0–1SMU
57%
198110–1SMU
57%
195911–0Syracuse
57%
19369–1Duke
54%
195011–1Kentucky
54%
19109–0Pittsburgh
54%
19368–1–1Pittsburgh
54%
197612–0Pittsburgh
54%
19379–0–1Pittsburgh
54%
198011–1Pittsburgh
54%
198111–1Pittsburgh
54%
19184–1Pittsburgh
54%
19168–0Pittsburgh
54%
19318–1Pittsburgh
54%
19158–0Pittsburgh
54%
19299–1Pittsburgh
54%
18753–1–1Columbia
51%
19319–1Purdue
51%
192610–0–1Stanford
51%
194010–0Stanford
51%
19159–0Cornell
49%
19398–0Cornell
49%
19238–0Cornell
49%
19228–0Cornell
49%
19218–0Cornell
49%
19217–0–1Vanderbilt
49%
19228–0–1Vanderbilt
49%
19258–0Dartmouth
46%
190510–0Chicago
37%
19137–0Chicago
37%
19269–0Lafayette
23%
189611–0–1Lafayette
23%
19219–0Lafayette
23%
19329–0Colgate
11%
19199–0Centre
6%
192110–0–1Washington & Jefferson
6%
19289–0Detroit
3%

Score Distribution

Percentile by Number Answered

Percent of People with Each Score

Your Score History

You have not taken this quiz